000 00522nam a2200181Ia 4500
005 20250508150215.0
008 008 250505s9999 xx 000 0 eng d
037 _aBooks to be hide in OPAC
040 _aFEDL
_beng
_cFEDL
041 _aeng
_2eng
084 _a373.243, MCN/O
_qFEDL
100 _aMcNicol Harry
_9756012
245 0 _aHistory, heritage and environment
260 _aLondon, UK
_bFaber and Faber Limited
300 _a192p.
942 _cHB
_h373.243, MCN/O
999 _c1322383
_d1322383